Deserción escolar 1991-1999

Gespeichert in:
Bibliographische Detailangaben
Körperschaft: Ministerio de Educación (VerfasserIn)
Format: Buch
Sprache:Spanisch
Veröffentlicht: Santiago Ministerio de Educacion 2000
Schriftenreihe:Colección Notas Técnicas, 2
Schlagworte:
Tags: Tag hinzufügen
Keine Tags, Fügen Sie den ersten Tag hinzu!

MARC

LEADER 00000nam a2200000 a 4500
001 UCO0463
003 CL-VaPUC
008 000420e20000000CL |||||||||||||||||spa|d
082 0 4 |a 371.2913  |b MIN  |2 21 
110 |a Ministerio de Educación  |e author  |9 455734 
245 1 0 |a Deserción escolar 1991-1999 
300 |a 11 p 
942 |c BK 
945 |d 20000420 00:00:00  |a rbrito 
260 |a Santiago  |b Ministerio de Educacion  |c 2000 
650 7 |a DESERCION ESCOLAR  |2 CL-VaPUC  |9 307945 
650 0 |a Educación básica   |9 224933 
650 7 |a ESTADISTICA ESCOLAR  |2 CL-VaPUC  |9 441753 
651 7 |a CHILE  |2 CL-VaPUC  |9 441754 
583 |a last modification  |c 20000420 00:00:00  |k Rodrigo Vera 
490 0 |a Colección Notas Técnicas, 2 
999 |c 287163  |d 287161 
952 |0 0  |1 0  |4 0  |6 371_291300000000000_MIN_2000  |7 0  |8 P  |9 333621  |a BIBEDU  |b BIBEDU  |c BIBEDU_PB  |d 2019-11-20  |i 3611582  |o 371.2913 MIN 2000  |p 3611582  |r 2024-01-25  |w 2019-11-20  |y BK  |k BME